[Event "Ontario op"]
[Site "Arnprior CAN"]
[Date "1992.05.18"]
[Round "5"]
[White "Schleifer, Michael"]
[Black "Taylor, Gordon"]
[Result "1-0"]
[WhiteElo "2410"]
[BlackElo "2390"]
[PlyCount "69"]
[EventDate "1992.05.16"]
[EventType "swiss"]
[EventRounds "6"]
[EventCountry "CAN"]

1. e4 c6 2. Nc3 d5 3. Nf3 Bg4 4. h3 Bxf3 5. Qxf3 e6 6. a3 Nf6 7. d3 Qb6 8. g3
d4 9. Nb1 c5 10. Bg2 Nc6 11. Nd2 Qc7 12. Qe2 e5 13. Nf3 Be7 14. Nh4 O-O-O 15.
Nf5 g6 16. Nxe7+ Qxe7 17. O-O Ne8 18. Bd2 Nd6 19. f4 f6 20. fxe5 Nxe5 21. Qf2
Rhf8 22. b4 c4 23. Qxd4 Nb5 24. Qf2 cxd3 25. Be3 b6 26. a4 Nc3 27. cxd3 Rxd3
28. Rfc1 Kb8 29. a5 Qxb4 30. axb6 axb6 31. Bxb6 Ne2+ 32. Qxe2 Qxb6+ 33. Kh2 Rf7
34. Rab1 Rb3 35. Qc2 1-0

[Event "Ontario op"]
[Site "Arnprior CAN"]
[Date "1992.05.18"]
[Round "6"]
[White "Farges, Yves"]
[Black "Schleifer, Michael"]
[Result "0-1"]
[WhiteElo "2002"]
[BlackElo "2410"]
[PlyCount "89"]
[EventDate "1992.05.16"]
[EventType "swiss"]
[EventRounds "6"]
[EventCountry "CAN"]

1. e4 c5 2. Nc3 d6 3. f4 a6 4. a4 g6 5. Nf3 Bg7 6. Bc4 e6 7. O-O Ne7 8. d3 O-O
9. Qe1 Nbc6 10. Nd1 Nd4 11. Ne3 d5 12. Ba2 dxe4 13. dxe4 Nxf3+ 14. Rxf3 b5 15.
c3 Bb7 16. Bb1 Qd7 17. Bc2 Bc6 18. Ng4 f5 19. Ne5 Bxe5 20. fxe5 fxe4 21. Rxf8+
Rxf8 22. Bh6 Rf5 23. Qh4 Nd5 24. Bxe4 Rh5 25. Rf1 Qe8 26. Bxd5 Rxh4 27. Bxe6+
Kh8 28. Rf8+ Qxf8 29. Bxf8 Rxa4 30. Bxc5 Kg7 31. Bc8 Ra1+ 32. Kf2 Ra2 33. e6
Rxb2+ 34. Ke1 Bxg2 35. Bxa6 Bh3 36. Bc8 Bf5 37. Bd7 Rxh2 38. Bd4+ Kg8 39. Bc8
Ra2 40. Bd7 h5 41. Be8 Bxe6 42. Bxg6 h4 43. Be4 h3 44. Bf3 h2 45. Bf2 0-1

[Event "Cornwall op"]
[Site "Cornwall CAN"]
[Date "1992.04.28"]
[Round "1"]
[White "Burgess, Doug"]
[Black "Schleifer, Michael"]
[Result "0-1"]
[WhiteElo "1843"]
[BlackElo "2395"]
[PlyCount "62"]
[EventDate "1992.04.28"]
[EventType "swiss"]
[EventRounds "5"]
[EventCountry "CAN"]

1. e4 e5 2. Nf3 Nc6 3. d4 exd4 4. Nxd4 Bc5 5. Nb3 Bb4+ 6. Bd2 Bxd2+ 7. Qxd2 Nf6
8. Nc3 O-O 9. Be2 Re8 10. f3 d6 11. O-O Be6 12. Nd4 Ne5 13. Nxe6 fxe6 14. Nd1
d5 15. Nf2 dxe4 16. Nxe4 Nxe4 17. Qxd8 Raxd8 18. fxe4 Rd2 19. Bb5 Red8 20. Rac1
a6 21. Bd3 Nxd3 22. cxd3 c6 23. Rf2 R8xd3 24. Rcf1 Rxf2 25. Rxf2 Rd1+ 26. Rf1
Rxf1+ 27. Kxf1 Kf7 28. Ke2 Kf6 29. Ke3 Ke5 30. g3 c5 31. b3 b5 0-1

[Event "Cornwall op"]
[Site "Cornwall CAN"]
[Date "1992.04.28"]
[Round "2"]
[White "Schleifer, Michael"]
[Black "Johnstone, Glenn"]
[Result "1/2-1/2"]
[WhiteElo "2395"]
[BlackElo "2353"]
[PlyCount "182"]
[EventDate "1992.04.28"]
[EventType "swiss"]
[EventRounds "5"]
[EventCountry "CAN"]

1. c4 c5 2. g3 g6 3. Bg2 Bg7 4. e3 e6 5. Nc3 Nc6 6. Nge2 Nge7 7. a3 O-O 8. O-O
d5 9. cxd5 exd5 10. d3 h6 11. Nf4 d4 12. Ne4 b6 13. exd4 Nxd4 14. Nxc5 bxc5 15.
Bxa8 Bg4 16. Qxg4 Qxa8 17. Ng2 f5 18. Qd1 Nf3+ 19. Kh1 Rd8 20. Qb3+ Kh7 21. Qe6
Nc6 22. Be3 Nce5 23. b4 Re8 24. Qa6 Ng4 25. Bxc5 Ngxh2 26. Qxa7 Nxf1 27. Rxf1
Qxa7 28. Bxa7 Ra8 29. Bc5 Rxa3 30. Rd1 Nd4 31. Nf4 Rb3 32. Kg2 Nc6 33. d4 Nxb4
34. d5 Na6 35. Be3 Rb7 36. Ne6 Nb8 37. Nc5 Rf7 38. Rb1 Nd7 39. Ne6 Nf6 40. Bd4
Nxd5 41. Nxg7 Rxg7 42. Bxg7 Kxg7 43. Rb5 Ne7 44. Rb6 g5 45. Re6 Ng6 46. Kf3 h5
47. Ke3 h4 48. gxh4 gxh4 49. Kf3 Kh6 50. Re8 Kg7 51. Re1 Kf6 52. Rg1 Ne5+ 53.
Ke2 f4 54. Rg8 Kf5 55. f3 Kf6 56. Kf2 Kf5 57. Kg2 Ng6 58. Ra8 Ne5 59. Rh8 Kg5
60. Rh7 Nd3 61. Rg7+ Kf5 62. Rh7 Kg5 63. Rd7 Ne5 64. Rd5 Kf6 65. Ra5 h3+ 66.
Kxh3 Nxf3 67. Kg4 Nd4 68. Kxf4 Ne6+ 69. Kg4 Ng7 70. Kg3 Ne6 71. Kf3 Ng5+ 72.
Ke3 Ne6 73. Ra6 Ke5 74. Rb6 Kd5 75. Ra6 Nc5 76. Rh6 Ne6 77. Rh5+ Kd6 78. Ke4
Nc5+ 79. Kd4 Ne6+ 80. Kc4 Nc7 81. Rf5 Ne6 82. Rd5+ Ke7 83. Kb4 Kf6 84. Rh5 Ke7
85. Kc4 Kd6 86. Rf5 Nc7 87. Rf1 Ne6 88. Rd1+ Ke5 89. Rd5+ Kf6 90. Kc3 Nc7 91.
Rd8 Ne6 1/2-1/2

[Event "Cornwall op"]
[Site "Cornwall CAN"]
[Date "1992.04.28"]
[Round "3"]
[White "McTavish, Dale"]
[Black "Schleifer, Michael"]
[Result "0-1"]
[WhiteElo "2151"]
[BlackElo "2395"]
[PlyCount "110"]
[EventDate "1992.04.28"]
[EventType "swiss"]
[EventRounds "5"]
[EventCountry "CAN"]

1. e4 c5 2. Nf3 a6 3. c3 d6 4. d4 cxd4 5. cxd4 Nf6 6. Nc3 g6 7. Bc4 Bg7 8. Qe2
b5 9. Bb3 b4 10. Nd5 O-O 11. Nxb4 a5 12. Nd5 Be6 13. Nxf6+ exf6 14. Bc4 Bxc4
15. Qxc4 Re8 16. O-O Na6 17. Bd2 Qb6 18. Rfe1 Reb8 19. Bc3 Nb4 20. Bxb4 Qxb4
21. Qxb4 Rxb4 22. b3 Bh6 23. Reb1 Rc8 24. a3 Rb6 25. d5 Re8 26. Nd4 Rxe4 27.
Nc6 Rb5 28. b4 axb4 29. Nxb4 Bd2 30. f3 Re8 31. Na6 Ra5 32. Nc7 Rc8 33. Nb5
Be3+ 34. Kf1 Bc5 35. Rb3 Kg7 36. Re1 Rh8 37. Reb1 Ra4 38. g3 g5 39. Re1 Kg6 40.
g4 Rha8 41. Kg2 Bxa3 42. Rxa3 Rxa3 43. Nxd6 Ra2+ 44. Kg3 Rd2 45. Nf5 Raa2 46.
Rg1 Re2 47. h4 h5 48. d6 hxg4 49. Ne7+ Kg7 50. Nf5+ Kg8 51. hxg5 fxg5 52. d7
Rad2 53. Kxg4 f6 54. Ng3 Re6 55. f4 gxf4 0-1

[Event "Cornwall op"]
[Site "Cornwall CAN"]
[Date "1992.04.29"]
[Round "4"]
[White "Schleifer, Michael"]
[Black "Julien, Bradley"]
[Result "1-0"]
[WhiteElo "2395"]
[BlackElo "2049"]
[PlyCount "101"]
[EventDate "1992.04.28"]
[EventType "swiss"]
[EventRounds "5"]
[EventCountry "CAN"]

1. d4 Nf6 2. c4 e6 3. Nf3 Bb4+ 4. Bd2 Be7 5. Nc3 d5 6. Bg5 Nbd7 7. e3 h6 8. Bh4
O-O 9. Rc1 a6 10. cxd5 exd5 11. Be2 c6 12. O-O Re8 13. Ne1 Ne4 14. Bxe7 Qxe7
15. Nd3 Ndf6 16. Nxe4 Nxe4 17. Nc5 Bf5 18. b4 Nd6 19. a4 Qg5 20. Re1 Re7 21.
Bf1 Rae8 22. Qb3 Be4 23. Kh1 Nf5 24. Qb2 Nh4 25. f3 Bf5 26. Qf2 Bc8 27. g3 Nf5
28. e4 dxe4 29. fxe4 Nd6 30. e5 Nf5 31. Ne4 Qg6 32. Rc3 Rd8 33. Bh3 h5 34. b5
axb5 35. axb5 Rc7 36. b6 Re7 37. Nc5 Nh6 38. Bxc8 Rxc8 39. Rf1 Rd8 40. h3 Ra8
41. Qf3 Ra2 42. d5 cxd5 43. Qxd5 Rb2 44. Qd8+ Kh7 45. Qxe7 Nf5 46. Qd7 Nxg3+
47. Rxg3 Qxg3 48. Qd3+ Qxd3 49. Nxd3 Rb3 50. Nc5 Kg6 51. Nxb3 1-0

[Event "Cornwall op"]
[Site "Cornwall CAN"]
[Date "1992.04.29"]
[Round "5"]
[White "Taylor, Gordon"]
[Black "Schleifer, Michael"]
[Result "1-0"]
[WhiteElo "2409"]
[BlackElo "2395"]
[PlyCount "151"]
[EventDate "1992.04.28"]
[EventType "swiss"]
[EventRounds "5"]
[EventCountry "CAN"]

1. d4 Nf6 2. c4 g6 3. Nc3 Bg7 4. e4 O-O 5. Be2 d6 6. Nf3 Na6 7. O-O e5 8. Re1
c6 9. Bf1 exd4 10. Nxd4 d5 11. cxd5 cxd5 12. Bxa6 bxa6 13. Nc6 Qd6 14. Nxd5
Nxd5 15. Qxd5 Qxd5 16. exd5 Bb7 17. Be3 Bf6 18. Rab1 Rfc8 19. Rec1 Rc7 20. Bf4
Rd7 21. d6 g5 22. Bg3 h5 23. h3 h4 24. Bh2 Re8 25. Kf1 Re6 26. b4 Rdxd6 27.
Bxd6 Rxd6 28. Na5 Be4 29. Rd1 Rb6 30. Rbc1 Kg7 31. Rc4 Bf5 32. a3 Be6 33. Rc6
Bb2 34. Rdd6 Rxc6 35. Rxc6 Bxa3 36. Rxa6 Bxb4 37. Rxa7 Kf6 38. Ke2 Bd5 39. f3
Ke5 40. Kd3 Bc5 41. Rc7 Bg1 42. Rc1 Bh2 43. Nc4+ Kf4 44. Ne3 Be6 45. Ke2 Bd7
46. Rb1 Bc8 47. Ra1 Bd7 48. Ra5 f5 49. Nd5+ Kg3 50. Kf1 Be6 51. Rc5 Bxd5 52.
Rxd5 Kf4 53. Ra5 Bg3 54. Ke2 Bh2 55. Ra4+ Ke5 56. Kd3 Bg1 57. Ra6 Bf2 58. Ke2
Bg1 59. Ra4 Bh2 60. Kd3 Bg1 61. Rc4 Bb6 62. Kc2 Kd5 63. Kb3 Bg1 64. Kb4 Bf2 65.
Kb5 Bg1 66. Rc1 Be3 67. Rd1+ Ke5 68. Kc4 Kf4 69. Kd3 Ba7 70. Ra1 Bb6 71. Rb1
Bc7 72. Ke2 Bd8 73. Rc1 Be7 74. Rc4+ Ke5 75. f4+ gxf4 76. Kf3 1-0

[Event "Toronto op"]
[Site "Toronto CAN"]
[Date "1992.04.17"]
[Round "1"]
[White "Fiedler, Brian"]
[Black "Schleifer, Michael"]
[Result "0-1"]
[WhiteElo "2167"]
[BlackElo "2395"]
[PlyCount "52"]
[EventDate "1992.04.17"]
[EventType "swiss"]
[EventRounds "6"]
[EventCountry "CAN"]

1. e4 c5 2. Nf3 Nc6 3. d4 cxd4 4. Nxd4 Nf6 5. Nc3 d6 6. Bc4 e6 7. Bb3 Be7 8.
O-O O-O 9. f4 Na5 10. Kh1 Bd7 11. f5 e5 12. Nde2 Nxb3 13. axb3 Bc6 14. Ng3 d5
15. exd5 Nxd5 16. Nce4 Nf6 17. Nxf6+ Bxf6 18. Qe2 a6 19. Nh5 Kh8 20. Rd1 Qe7
21. Rd3 Rad8 22. Rh3 Qd7 23. Bh6 Qxf5 24. Kg1 Rg8 25. Be3 Bg5 26. Bb6 Rd2 0-1

[Event "Toronto inv."]
[Site "Toronto CAN"]
[Date "1992.??.??"]
[Round "?"]
[White "Livshits, Ron"]
[Black "Schleifer, Michael"]
[Result "1-0"]
[WhiteElo "2310"]
[BlackElo "2240"]
[PlyCount "87"]
[EventDate "1992.??.??"]
[EventType "tourn"]
[EventRounds "11"]
[EventCountry "CAN"]
[Source "ChessBase"]
[SourceDate "1997.11.17"]

1. d4 Nf6 2. c4 c5 3. d5 e6 4. Nc3 exd5 5. cxd5 d6 6. Nf3 g6 7. Bf4 Bg7 8. Qa4+
Bd7 9. Qb3 Qc7 10. e4 O-O 11. Nd2 Nh5 12. Be3 f5 13. exf5 gxf5 14. Be2 Be8 15.
O-O f4 16. Bxc5 f3 17. Bxf3 Bxc3 18. bxc3 Rxf3 19. Bxd6 Qxd6 20. Nxf3 b6 21.
Rfe1 Ng7 22. Qb4 Qf6 23. Qc4 Nd7 24. d6+ Kh8 25. Qc6 Qd8 26. Rad1 Rc8 27. Qb7
a5 28. Nd4 Nc5 29. Qd5 Qf6 30. Re7 Rd8 31. Nf3 Qxe7 32. dxe7 Rxd5 33. Rxd5 Kg8
34. Ne5 Ne4 35. c4 Nc3 36. Rd6 Nf5 37. Rd8 Ng7 38. Rb8 Nxa2 39. Rxb6 Nb4 40.
Rb8 h5 41. f4 Kh7 42. f5 Na6 43. Ra8 Nc7 44. Rc8 1-0

[Event "Toronto inv."]
[Site "Toronto CAN"]
[Date "1992.??.??"]
[Round "?"]
[White "Schleifer, Michael"]
[Black "Polacek, Jozef"]
[Result "1/2-1/2"]
[WhiteElo "2240"]
[BlackElo "2250"]
[PlyCount "94"]
[EventDate "1992.??.??"]
[EventType "tourn"]
[EventRounds "11"]
[EventCountry "CAN"]
[Source "ChessBase"]
[SourceDate "1997.11.17"]

1. d4 d5 2. Nf3 e6 3. c4 c5 4. cxd5 exd5 5. Bf4 Nc6 6. Nc3 Nf6 7. e3 cxd4 8.
Nxd4 Be7 9. Be2 O-O 10. O-O Be6 11. Rc1 Rc8 12. Qd2 Nxd4 13. exd4 Bb4 14. Bd3
Ne4 15. Qe3 Bxc3 16. bxc3 Nd6 17. Rfe1 Nf5 18. Qh3 Qf6 19. Re5 g6 20. Bxf5 Bxf5
21. Qh6 Qg7 22. Qh4 f6 23. Bh6 Qd7 24. Bxf8 fxe5 25. Bh6 e4 26. h3 Qd8 27. Qf4
Qc7 28. Qe3 Qf7 29. f3 Re8 30. Rf1 Qe7 31. g4 Bd7 32. fxe4 Qxe4 33. Qxe4 dxe4
34. c4 e3 35. Re1 e2 36. Kf2 Kf7 37. Rxe2 Rxe2+ 38. Kxe2 Ke6 39. Ke3 b5 40. d5+
Kd6 41. Kd4 bxc4 42. Kxc4 a5 43. Kd4 Ke7 44. Ke5 a4 45. a3 Kf7 46. Kd6 Ke8 47.
Ke5 Kf7 1/2-1/2

[Event "Toronto inv."]
[Site "Toronto CAN"]
[Date "1992.??.??"]
[Round "?"]
[White "Schleifer, Michael"]
[Black "Southam, Todd"]
[Result "1-0"]
[WhiteElo "2240"]
[BlackElo "2300"]
[PlyCount "83"]
[EventDate "1992.??.??"]
[EventType "tourn"]
[EventRounds "11"]
[EventCountry "CAN"]
[Source "ChessBase"]
[SourceDate "1997.11.17"]

1. c4 g6 2. e4 Bg7 3. d4 d6 4. Nf3 Nf6 5. Nc3 O-O 6. Be2 Bg4 7. O-O Nfd7 8. Bg5
Nc6 9. Be3 e5 10. d5 Bxf3 11. Bxf3 Nd4 12. Be2 a6 13. f3 f5 14. Rc1 Qh4 15. Qd2
Nf6 16. Bd3 c5 17. dxc6 bxc6 18. b4 Rab8 19. Rb1 Rbd8 20. a4 fxe4 21. Nxe4 Nxe4
22. fxe4 Qg4 23. Kh1 h5 24. Bg1 Kh7 25. b5 cxb5 26. axb5 axb5 27. cxb5 Bh6 28.
Be3 Bxe3 29. Qxe3 Ne6 30. h3 Qh4 31. Kh2 Qe7 32. b6 Nc5 33. Bc4 Rb8 34. Rxf8
Rxf8 35. Bd5 Kg7 36. Qa3 Rb8 37. Qa7 Re8 38. Qxe7+ Rxe7 39. b7 Nxb7 40. Rxb7
Rxb7 41. Bxb7 d5 42. Bxd5 1-0

[Event "CAN-op"]
[Site "Windsor CAN"]
[Date "1991.07.16"]
[Round "5"]
[White "Schleifer, Michael"]
[Black "O'Donnell, Tom"]
[Result "0-1"]
[WhiteElo "2367"]
[BlackElo "2465"]
[PlyCount "94"]
[EventDate "1991.07.13"]
[EventType "swiss"]
[EventRounds "10"]
[EventCountry "CAN"]

1. c4 e6 2. Nc3 d5 3. e3 Nf6 4. Nf3 c6 5. Be2 Nbd7 6. O-O Bd6 7. d4 O-O 8. Qc2
dxc4 9. Bxc4 b5 10. Bd3 Bb7 11. Ne4 Nxe4 12. Bxe4 f5 13. Bd3 c5 14. Qe2 c4 15.
Bc2 Nf6 16. h3 Qc7 17. Nd2 Nd5 18. f4 a5 19. Nf3 b4 20. Ng5 Rae8 21. Ba4 Re7
22. Bb5 c3 23. b3 Nf6 24. Bd3 Ne4 25. Bxe4 fxe4 26. Qg4 Bd5 27. h4 Qd7 28. Qe2
Qc6 29. Qc2 Ra7 30. a4 Be7 31. g3 h6 32. Nh3 Rf7 33. Rb1 Ra8 34. Qg2 Qa6 35.
Nf2 Qe2 36. Nh3 Qd3 37. Ra1 Rc8 38. Nf2 Qc2 39. Kh2 Bxb3 40. Qxe4 Qxe4 41. Nxe4
Bd5 42. Nf2 b3 43. Rb1 Bb4 44. Kh3 Rb7 45. Rg1 Rbc7 46. Kg4 b2 47. Bxb2 Ba2 0-1

[Event "CAN-ch"]
[Site "Scarborough CAN"]
[Date "1991.??.??"]
[Round "?"]
[White "O'Donnell, Tom"]
[Black "Schleifer, Michael"]
[Result "1/2-1/2"]
[WhiteElo "2375"]
[BlackElo "2230"]
[PlyCount "123"]
[EventDate "1991.??.??"]
[EventType "tourn"]
[EventRounds "9"]
[EventCountry "CAN"]

1. e4 c5 2. Nf3 e6 3. d4 cxd4 4. Nxd4 a6 5. Bd3 Qc7 6. O-O Nf6 7. Kh1 Be7 8. f4
d6 9. c4 Nbd7 10. Nc3 b6 11. Bd2 Bb7 12. Qe2 O-O 13. Rae1 Rad8 14. Bc2 Qb8 15.
Rf3 g6 16. Rg3 Rfe8 17. Nf3 Qa8 18. Bc1 d5 19. cxd5 exd5 20. e5 Ne4 21. Rh3
Ndc5 22. Nd4 Bf8 23. Qf1 Nxc3 24. bxc3 Ne4 25. Bb2 Bg7 26. Rd3 Qc8 27. Qf3 Re7
28. Red1 Rde8 29. Re3 Rc7 30. h3 Qa8 31. Bb3 b5 32. Kh2 Qc8 33. Rdd3 Bh6 34.
Rd1 Bf8 35. Rdd3 Qd7 36. Qe2 Bh6 37. Qf3 a5 38. Ba3 a4 39. Bd1 Rec8 40. Bb4 Bf8
41. Qf1 Qe8 42. Bg4 Ra8 43. Rd1 Bxb4 44. cxb4 Ba6 45. Qe1 Re7 46. Bf3 Bb7 47.
Rc1 Rxe5 48. Nxb5 Re7 49. Nc7 Qb8 50. Nxa8 Qxa8 51. Bxe4 dxe4 52. b5 Qb8 53. g3
Rd7 54. Qb4 Qd8 55. Rc2 Rd4 56. Qe1 Qd7 57. Qe2 Qd5 58. b6 h5 59. h4 Kg7 60.
Qe1 Kh7 61. Rf2 Qf5 62. Qc1 1/2-1/2

[Event "CAN-ch"]
[Site "Scarborough CAN"]
[Date "1991.??.??"]
[Round "?"]
[White "Schleifer, Michael"]
[Black "Filipovich, David"]
[Result "1-0"]
[WhiteElo "2230"]
[BlackElo "2240"]
[PlyCount "131"]
[EventDate "1991.??.??"]
[EventType "tourn"]
[EventRounds "9"]
[EventCountry "CAN"]

1. d4 Nf6 2. c4 g6 3. Nc3 d5 4. Nf3 Bg7 5. Bg5 Ne4 6. Bh4 c6 7. cxd5 cxd5 8. e3
Nxc3 9. bxc3 Nc6 10. Rb1 O-O 11. c4 dxc4 12. Bxc4 Na5 13. Bd3 b6 14. O-O Bb7
15. Qe2 Rc8 16. Rfd1 Qd6 17. e4 e6 18. Bg3 Qa3 19. h4 Rc3 20. h5 Rfc8 21. hxg6
hxg6 22. Bf4 Qe7 23. Bd2 R3c7 24. Bg5 Bf6 25. Bf4 Rd7 26. d5 exd5 27. e5 Bg7
28. Ng5 f6 29. exf6 Qxf6 30. Qg4 Re7 31. Nf3 Rf8 32. Bg3 Bc8 33. Qxg6 Qxg6 34.
Bxg6 Bf5 35. Bxf5 Rxf5 36. Rb5 Rd7 37. Nd4 Bxd4 38. Rxd4 Nc6 39. Rd2 Rh5 40.
Bf4 Rf5 41. Bh2 Re7 42. f3 Rd7 43. Kf2 Rh5 44. Bg1 Ne5 45. Rd4 Kf7 46. g4 Rh3
47. Kg2 Rxf3 48. Rbxd5 Rxd5 49. Rxd5 Rf4 50. Rxe5 Rxg4+ 51. Kf1 Ra4 52. Re2
Rf4+ 53. Ke1 Rf6 54. Kd2 Re6 55. Rh2 Re7 56. Kc3 Ke8 57. Kb4 Kd7 58. Rc2 Re6
59. Kb5 Re5+ 60. Ka6 Ra5+ 61. Kb7 b5 62. Rd2+ Ke6 63. Bxa7 b4 64. Bb6 Ra3 65.
Bc5 Ra5 66. Kb6 1-0

[Event "CAN-ch"]
[Site "Scarborough CAN"]
[Date "1991.??.??"]
[Round "?"]
[White "Schleifer, Michael"]
[Black "Southam, Todd"]
[Result "1-0"]
[WhiteElo "2230"]
[BlackElo "2305"]
[PlyCount "79"]
[EventDate "1991.??.??"]
[EventType "tourn"]
[EventRounds "9"]
[EventCountry "CAN"]

1. c4 Nf6 2. g3 g6 3. Bg2 Bg7 4. Nc3 O-O 5. e3 d6 6. Nge2 c5 7. O-O Nc6 8. d4
cxd4 9. exd4 Bg4 10. h3 Bxe2 11. Nxe2 d5 12. b3 dxc4 13. bxc4 Ne8 14. Rb1 Nxd4
15. Nxd4 Bxd4 16. Rxb7 Rc8 17. Be3 Rxc4 18. Rxa7 e5 19. Ra8 Qd6 20. Qe2 Qc5 21.
Bxd4 Rxd4 22. Re1 f6 23. a4 Nd6 24. Rxf8+ Kxf8 25. Qe3 Nf5 26. Qb3 Rb4 27. Qe6
Rb6 28. Qd5 Qxd5 29. Bxd5 Ra6 30. Ra1 Ra5 31. Bb3 Nd4 32. Bd1 Ke7 33. Rb1 Kd6
34. Rb6+ Ke7 35. Rb7+ Ke6 36. Rxh7 Rc5 37. Kf1 Rc1 38. Ke1 Nf3+ 39. Ke2 Nd4+
40. Kd2 1-0

[Event "CAN-ch"]
[Site "Scarborough CAN"]
[Date "1991.??.??"]
[Round "?"]
[White "Schleifer, Michael"]
[Black "Vranesic, Zvonko"]
[Result "0-1"]
[WhiteElo "2230"]
[BlackElo "2300"]
[PlyCount "134"]
[EventDate "1991.??.??"]
[EventType "tourn"]
[EventRounds "9"]
[EventCountry "CAN"]

1. d4 Nf6 2. c4 e6 3. g3 d5 4. Nf3 dxc4 5. Qa4+ Bd7 6. Qxc4 Bc6 7. Bg2 Bd5 8.
Qd3 Be4 9. Qd1 c5 10. Nc3 Bc6 11. O-O Nbd7 12. Bg5 Be7 13. dxc5 Bxc5 14. Qc2
O-O 15. Rad1 Qc7 16. Bf4 e5 17. Bc1 Rac8 18. Qb3 a6 19. Bh3 Rcd8 20. Nh4 b5 21.
Nf5 Nb6 22. Rxd8 Rxd8 23. Bg5 b4 24. Bxf6 gxf6 25. Nb1 Bd5 26. Qd3 Bg2 27.
Qxd8+ Qxd8 28. Bxg2 Na4 29. Rc1 Qc7 30. Kf1 Nxb2 31. Nd2 Na4 32. Ne4 Qb6 33.
Rd1 Nc3 34. Rd7 Nxe4 35. Bxe4 Bf8 36. Bd5 Qc5 37. Kg2 a5 38. e4 a4 39. Ne3 b3
40. axb3 a3 41. b4 Qxb4 42. Rxf7 Kh8 43. Ng4 Be7 44. Kh3 Qd6 45. Nh6 Qd8 46.
Nf5 Bf8 47. Kg2 Qb8 48. Rxf6 Qb4 49. Ra6 Qb8 50. h4 h5 51. Rg6 Kh7 52. Ra6 Qc8
53. Ra7+ Kg6 54. g4 hxg4 55. Kg3 Qc1 56. Ra6+ Kh7 57. Kxg4 Qf4+ 58. Kh5 Qf3+
59. Kg5 Bg7 60. Nxg7 Qf4+ 61. Kh5 Qf3+ 62. Kg5 Qf4+ 63. Kh5 Qxf2 64. Rxa3 Kxg7
65. Rb3 Qe2+ 66. Kg5 Qg2+ 67. Kf5 Qg6+ 0-1

[Event "Spring op"]
[Site "North Bay CAN"]
[Date "1991.??.??"]
[Round "4"]
[White "Kiviaho, Robert"]
[Black "Schleifer, Michael"]
[Result "1-0"]
[WhiteElo "2163"]
[BlackElo "2358"]
[PlyCount "83"]
[EventDate "1991.??.??"]
[EventType "swiss"]
[EventRounds "5"]
[EventCountry "CAN"]
[SourceDate "2011.01.01"]

1. e4 c5 2. Nf3 d6 3. d4 Nf6 4. Nc3 cxd4 5. Nxd4 a6 6. Bg5 Nc6 7. Qd2 e6 8.
O-O-O Bd7 9. f4 Be7 10. Nf3 h6 11. Bxf6 gxf6 12. Kb1 Qa5 13. Bd3 O-O-O 14. Rhe1
Kb8 15. Bc4 Qc5 16. Bb3 Na5 17. Nd4 h5 18. Re3 h4 19. Rd3 Rhg8 20. a3 Nxb3 21.
cxb3 Rg7 22. Re1 Rdg8 23. Re2 Rg4 24. Ka2 Qh5 25. Rf3 Qh6 26. b4 Qh5 27. Rff2
Bd8 28. f5 Qg5 29. Qd3 Bb6 30. b5 a5 31. Na4 Bc7 32. b6 Bd8 33. Nb5 d5 34. Nc5
Bc6 35. Na7 Bxb6 36. Nxc6+ bxc6 37. Rc2 Rd8 38. Qa6 Bxc5 39. Rxc5 Rd6 40. Rfc2
Rxg2 41. Rb5+ Kc7 42. Rb7+ 1-0

[Event "Labour Day op"]
[Site "Toronto CAN"]
[Date "1990.03.09"]
[Round "6"]
[White "Schleifer, Michael"]
[Black "Findlay, Ian"]
[Result "0-1"]
[WhiteElo "2354"]
[BlackElo "2415"]
[PlyCount "104"]
[EventDate "1990.09.01"]
[EventType "swiss"]
[EventRounds "6"]
[EventCountry "CAN"]

1. Nf3 Nf6 2. g3 d5 3. Bg2 c5 4. c4 Nc6 5. O-O e5 6. cxd5 Nxd5 7. Na3 Be7 8.
Nc4 f6 9. d3 Be6 10. Bd2 O-O 11. a3 Qd7 12. Ne1 Rad8 13. Nc2 Nc7 14. Na5 Nxa5
15. Bxa5 b6 16. Bc3 Bb3 17. Qc1 Nb5 18. Bd2 Rc8 19. Ne3 Nd4 20. Qe1 f5 21. Bh3
Be6 22. Bc3 Bf6 23. a4 Rce8 24. Bxd4 exd4 25. Nc4 f4 26. Bg2 Bxc4 27. dxc4 d3
28. Rd1 Qxa4 29. Bd5+ Kh8 30. Rxd3 Bxb2 31. Qd2 Be5 32. Kg2 Qd7 33. Qa2 Bd4 34.
Bf3 Rf6 35. Qa6 Rh6 36. g4 Qe7 37. Rxd4 cxd4 38. Rd1 Rd6 39. Ra1 Qc7 40. Qb5
Rc8 41. Bd5 a5 42. Kf3 Rh6 43. Rd1 Qe5 44. Qb2 Re8 45. Rxd4 Qg5 46. Qd2 Rh3+
47. Kg2 Qxg4+ 48. Kf1 Rf8 49. Bf3 Qh4 50. Kg1 Qg5+ 51. Kh1 Rh6 52. Rd6 Rxd6 0-1

[Event "St. Catherines"]
[Site "St. Catherines CAN"]
[Date "1990.??.??"]
[Round "?"]
[White "Schleifer, Michael"]
[Black "Findlay, Ian"]
[Result "0-1"]
[WhiteElo "2380"]
[BlackElo "2425"]
[PlyCount "142"]
[EventDate "1990.??.??"]
[EventType "swiss"]
[EventRounds "5"]
[EventCountry "CAN"]
[SourceDate "2011.01.01"]

1. Nf3 Nf6 2. g3 c5 3. Bg2 d5 4. O-O Nc6 5. d4 e6 6. c4 dxc4 7. dxc5 Bxc5 8.
Qa4 O-O 9. Qxc4 Qe7 10. Nc3 h6 11. Bd2 e5 12. e4 Bg4 13. Nd5 Nxd5 14. exd5 Bxf3
15. dxc6 Bxc6 16. Bxc6 bxc6 17. Rac1 Rfd8 18. Ba5 Bb6 19. Bb4 Qb7 20. Qxc6 Qxc6
21. Rxc6 Rac8 22. Rfc1 Rxc6 23. Rxc6 Rd1+ 24. Kg2 Bd4 25. Bc3 Rc1 26. Ra6 Bxc3
27. bxc3 Rxc3 28. Rxa7 g6 29. a4 Kg7 30. a5 Ra3 31. a6 Kf6 32. Kf1 Ra2 33. Ra8
Kf5 34. a7 h5 35. h3 Ke4 36. Kg2 Ra1 37. h4 Ra2 38. Rb8 Rxa7 39. Rb4+ Kd3 40.
Kf3 Ra2 41. Rb3+ Kd4 42. Rb4+ Kd5 43. Rb5+ Ke6 44. Ke3 Ra3+ 45. Ke2 Ra6 46. Ke3
Kf5 47. Rb3 Kg4 48. Rb5 Ra3+ 49. Ke2 e4 50. Re5 f5 51. Re6 Ra2+ 52. Ke3 Kh3 53.
Rxg6 Kg2 54. Rg5 Rxf2 55. Rxh5 Rf3+ 56. Ke2 Kxg3 57. Rh8 Kf4 58. h5 Rh3 59. h6
Rh2+ 60. Kf1 Kf3 61. Kg1 Rh5 62. Rf8 f4 63. Rf6 Ke3 64. Kg2 f3+ 65. Kg3 Rg5+
66. Kh3 Ke2 67. Kh2 Kf2 68. Kh3 Ke2 69. Kh2 e3 70. h7 Rh5+ 71. Kg3 f2 0-1

[Event "CAN-ch"]
[Site "Winnipeg CAN"]
[Date "1986.??.??"]
[Round "?"]
[White "Baragar, Fletcher"]
[Black "Schleifer, Michael"]
[Result "1-0"]
[WhiteElo "2270"]
[BlackElo "2210"]
[PlyCount "58"]
[EventDate "1986.07.12"]
[EventType "tourn"]
[EventRounds "15"]
[EventCountry "CAN"]

1. d4 Nf6 2. c4 e6 3. Nc3 b6 4. e4 Bb4 5. Bd3 Bb7 6. Qc2 Bxc3+ 7. bxc3 d6 8.
Ne2 Nbd7 9. O-O e5 10. Ng3 h5 11. Bg5 h4 12. Nf5 h3 13. g3 g6 14. Ne3 Rh5 15.
f4 exf4 16. gxf4 Rxg5+ 17. fxg5 Nh5 18. Qf2 Qxg5+ 19. Kh1 O-O-O 20. Nd5 Rf8 21.
Rg1 Qh6 22. Raf1 Kb8 23. Qe3 Qxe3 24. Nxe3 Re8 25. Nd5 f5 26. Rxg6 fxe4 27. Be2
Rh8 28. Rf5 c6 29. Ne3 Nf8 1-0

[Event "CAN-ch"]
[Site "Winnipeg CAN"]
[Date "1986.??.??"]
[Round "?"]
[White "Hartman, Brian"]
[Black "Schleifer, Michael"]
[Result "1-0"]
[WhiteElo "2380"]
[BlackElo "2210"]
[PlyCount "83"]
[EventDate "1986.07.12"]
[EventType "tourn"]
[EventRounds "15"]
[EventCountry "CAN"]

1. e4 e5 2. Nf3 Nf6 3. Nxe5 d6 4. Nf3 Nxe4 5. d4 Be7 6. Bd3 Nf6 7. O-O Bg4 8.
Nbd2 O-O 9. Nc4 Nc6 10. c3 Bh5 11. Ne3 Bg6 12. Nf5 Qd7 13. Nxe7+ Nxe7 14. Re1
Bxd3 15. Qxd3 Ng6 16. Bg5 Nd5 17. Nh4 b5 18. Qf3 Nxh4 19. Bxh4 c6 20. Re2 Rae8
21. Rae1 Re6 22. Bg3 Rfe8 23. h3 Rxe2 24. Rxe2 Rxe2 25. Qxe2 Nf6 26. Kf1 h6 27.
b3 Qf5 28. Kg1 Ne4 29. c4 b4 30. Kh2 h5 31. Qe1 c5 32. dxc5 dxc5 33. Qe2 Nc3
34. Qd2 Qf6 35. f3 Qd4 36. Qe1 Kf8 37. Be5 Qd3 38. Qf2 Qb1 39. Qxc5+ Kg8 40.
Qxb4 Ne2 41. Qb8+ Kh7 42. Qxa7 1-0